000 01405cam a22001814a 4500
005 20250605163516.0
008 250528s ||||||||||||||||||||||||d
035 _a20752
020 _a13191989
040 _aGR-AtMCL
_bgre
_dGR-AtMCL
_eAACR2
245 1 _aCurrent Directions in Personality Psychology / Reading from the American Psychological Society
260 _bPearson - Prentice Hall,
_c2005
300 _a216
520 _aThe American Psychological Society is dedicated to advancing psychology as a science-based discipline. Personality Defined: The Issues of Stability, Situation-Behavior Profiles as a Locus of Constistency, Moving Personality Beyond the Person-Situation Debate, The Role of Biological Mechanisms in Personality, Biological Bases of Maternal Attachments, The Role of Prenatal Maternal Stress in Child Development, The Psychobiology of Stress, Novelty Seeking and Reward: Implications for the Study, Personality in Action: Intrapersonal Processes, Emotional Regulation in Adulthood: Timing is Everything, Personality in Relational Contexts, Making Sense of Self-Esteem, Marital Conflict: Correlates and Structures and Context, Implications of Personality for Well-Being, Resilience in Development, Stress and Positive Emotion and Coping, Intelligence Predicts Health and Longevity but Why?, Critical Thinking Questions.
942 _cBK
999 _c5836
_d5836